SNES Classic Edition games - Statistics

General Stats
  • This quiz has been taken 276 times
    271 since last reset
  • The average score is 15 of 21
Answer Stats
Game Title % Correct
Super Mario World
98%
Donkey Kong Country
84%
Star Fox
84%
Super Mario World 2: Yoshi's Island
83%
Super Metroid
83%
Final Fantasy III
82%
Super Mario Kart
82%
EarthBound
77%
Star Fox 2
77%
F-Zero
74%
The Legend of Zelda: A Link to the Past
74%
Super Castlevania IV
66%
Super Mario RPG: Legend of the Seven Stars
64%
Street Fighter II: Turbo
61%
Secret of Mana
60%
Mega Man X
59%
Super Punch-Out!
59%
Kirby Super Star
57%
Contra III: the Alien Wars
54%
Kirby's Dream Course
47%
Super Ghouls-N-Ghosts
41%
No matching quizzes found
Score Distribution
Percent of People with Each Score
Percentile by Number Answered
Your Score History
You have not taken this quiz since the last reset